000
00350 a2200169 4500
001
190043
020
_a
978-85-260-1708-5
040
_c
Magnum
100
_a
Bandeira, Manuel
240
1
0
_a
Manuel bandeira
_l
por
245
1
0
_a
Manuel bandeira
300
_a
89
362
0
_a
2012
440
1
_a
Global
697
_a
LITERATURA GERAL
942
_c
BK
999
_c
190043
_d
190043